000 01055cab a22002295a 4500
001 L144464
008 080722e20080718xxk f v 000 0 eng d
035 _a(Sirsi) u144464
041 0 _aeng
100 1 _aGordon, Warren
245 0 0 _aBlessed release
_bcase news
260 _c2008
490 0 _aProperty Week
_v73(29) 18 July 2008, 83(1)
520 _aDiscusses a legal decision by the House of Lords with important implications for leasehold enfranchisement. Summarises the case of Earl Cadogan v Cadogan Square and De Walden v Aggio [2008] UKHL 44 (L144184). A head lessee of a block of flats may claim a legal right to acquire a new lease in respect of individual flats in the block.
590 _aKA
650 2 4 _aLEASEHOLD, REFORM AND URBAN DEVELOPMENT ACT 1993
650 2 4 _aHOWARD DE WALDEN ESTATES LTD V AGGIO AND ORS
650 2 4 _aEARL CADOGAN AND CADOGAN ESTATES LTD V 26 CADOGAN SQUARE LTD
651 4 _aUnited Kingdom
_y
690 _aPROPERTY-RESIDENTIAL PROPERTY-RESIDENTIAL LANDLORD AND TENANT-RESIDENTIAL LEASES
942 _n0
999 _c80477
_d80477